000 00284nam a22001337a 4500
008 170831b xxu||||| |||| 00| 0 eng d
020 _a9780671672225
041 _aeng
080 _a070
100 _a40
101 _aMED
245 _aSMILES BACK
_cKUNHARDT,.P.B
942 _2udc
_cBK
999 _c25719
_d25719